000 00665cam a22002172 4500
001 0000019888
005 20151217152203.0
008 110302s xx 000 0 eng d
020 _a0273717409 :
040 _aKABU
_cKABU
245 1 0 _aInternet marketing :
_bstrategy, implementation and practice /
_cDave Chaffey.... [et al].
250 _a4th ed.
260 _aLondon :
_bPrentice hall,
_c2009.
300 _axxxi, 702 p.
650 0 _aInternet marketing.
_@0000151441
650 0 _aInternet.
_@0000000969
700 1 _aChaffey, Dave.
_@0000179861
852 1 _9p3250 KES
908 _a110302
950 _@1
999 _c9116
_d9116